Evolution de la qualité du poisson fumé (tilapia spp) en fonction des methodes de transformation et d'entreposage (Record no. 31171)

MARC details
000 -LEADER
fixed length control field 00635 a2200205 4500
041 ## - CODE DE LANGUE
Language code of summary or abstract/overprinted title or subtitle Fr
041 ## - CODE DE LANGUE
Language code of summary or abstract/overprinted title or subtitle En
100 ## - VEDETTE PRINCIPALE - NOM DE PERSONNE
Personal name Oliyide, Antonin
130 ## - VEDETTE PRINCIPALE - TITRE UNIFORME
Language of a work Fr
245 ## - TITLE STATEMENT
Title Evolution de la qualité du poisson fumé (tilapia spp) en fonction des methodes de transformation et d'entreposage
300 ## - PHYSICAL DESCRIPTION
Extent XIX-140 p.
502 ## - DISSERTATION NOTE
Dissertation note Thèse d'exercice
653 1# - INDEX TERM--UNCONTROLLED
Uncontrolled term Sciences agronomiques
650 ## - SUBJECT ADDED ENTRY--TOPICAL TERM
Topical term or geographic name as entry element POISSON FUME
650 ## - SUBJECT ADDED ENTRY--TOPICAL TERM
Topical term or geographic name as entry element TRANSFORMATION
653 #1 - INDEX TERM--UNCONTROLLED
Uncontrolled term Nutrition et sciences agro-alimentaires
651 ## - SUBJECT ADDED ENTRY--GEOGRAPHIC NAME
Geographic name BENIN
710 ## - ADDED ENTRY--CORPORATE NAME
Corporate name or jurisdiction name as entry element Abomey-Calavi, Université nationale du Bénin, Faculté des Sciences Agronomiques, BJ
Holdings
Withdrawn status Lost status Damaged status Not for loan Location (home branch) Sublocation or collection (holding branch) Date acquired Koha issues (times borrowed) Koha full call number Koha date last seen Copy number Price effective from Koha item type Public note
        Bibliothèque-Centre de Documentation de la Faculté des Sciences Agronomiques Bibliothèque-Centre de Documentation de la Faculté des Sciences Agronomiques     BU T.NSA 010 1985 28/02/2009 04 28/02/2009 Livre A.4092


© 2008, Bibliothèques de l'Université d'Abomey-Calavi

04 BP 789 Cotonou, Tél. : +229 21 36 01 01, Fax : +229 21 35 06 32

Courriel : bu@bu.uac.bj